Rozbor faktorov ovplyvňujúcich hospodárnosť a rentabilitu v závode HSV Pozemné staviteľstvo záverečná práca postgraduálneho štúdia

Uložené v:
Podrobná bibliografia
Hlavný autor: Mašláni, Peter
Korporativný autor: Vysoká škola ekonomická v Bratislave
Ďalší autori: Boržík, Ondrej
Médium: Kniha
Jazyk:Slovak
Vydavateľské údaje: Bratislava 1987
Tagy: Pridať tag
Žiadne tagy, Buďte prvý, kto otaguje tento záznam!

MARC

LEADER 00000nam a2200000 4500
001 c022390
005 20221219095120.2
041 0 |a slo 
044 |a SK 
245 1 0 |a Rozbor faktorov ovplyvňujúcich hospodárnosť a rentabilitu v závode HSV Pozemné staviteľstvo  |b záverečná práca postgraduálneho štúdia  |c Peter Mašláni ; Ved. práce Ondrej Boržík 
264 1 |a Bratislava  |c 1987 
300 |a 54 s. 
100 1 |a Mašláni, Peter 
700 1 |a Boržík, Ondrej 
710 2 |a Vysoká škola ekonomická v Bratislave